Uma breve história do antigo próximo oriente
Uloženo v:
| Hlavní autor: | |
|---|---|
| Médium: | Kniha |
| Jazyk: | portugalština |
| Vydáno: |
Sao Paulo
Atelier Smaida
1988
|
| Témata: | |
| Tagy: |
Přidat tag
Žádné tagy, Buďte první, kdo vytvoří štítek k tomuto záznamu!
|
MARC
| LEADER | 00000nam a22000005a 4500 | ||
|---|---|---|---|
| 003 | CL-ChBUA | ||
| 005 | 20140406125740.0 | ||
| 008 | 140406s1988 bl ||||| |||| 000 ||por | ||
| 040 | |a CL-ChBUA |c CL-ChBUA | ||
| 082 | 0 | 0 | |a 930 |
| 100 | 1 | |a Schwantes, Siegfried J. | |
| 245 | 1 | 0 | |a Uma breve história do antigo próximo oriente |
| 260 | |a Sao Paulo |b Atelier Smaida |c 1988 | ||
| 300 | |a 153 p. |c 21 cm. | ||
| 504 | |a bibl. | ||
| 650 | 4 | |a HISTORIA ANTIGUA | |
| 650 | 4 | |a MEDIO ORIENTE ANTIGUO - HISTORIA | |
| 942 | |2 ddc |c LIB | ||
| 952 | |0 0 |1 0 |2 ddc |4 0 |6 930_000000000000000_SC_398PO |7 0 |9 1140029 |a UNACH |b UNACH |c 900 |d 2014-04-06 |i 31.823 |l 1 |o 930 / Sc 398po |p 77941 |r 2025-11-03 11:15:03 |s 2016-06-07 |t 1 |w 2014-04-06 |y LIB | ||
| 999 | |c 2060895 |d 2060895 | ||